00867nam a2200217 a 45000010005000000030005000050050017000100080041000270400020000682450165000882600051002532600048003043000011003526500033003636500039003966500052004357000040004879420013005279990015005409520094005555501CDMR20131113134034.0130130s2004||||||||||||||||||||||||||||d aCDMRbcatcCDMR00aRadiografia prèvia al Llibre Blanc de la professió periodística a Catalunyab: informe de la recerca quantitativacdirecció de la recerca: Jaume Soriano aBarcelonabUniversitat Autònoma de Barcelona c2004bCol·legi de Periodistes de Catalunya a154 p.0492400aPeriodisteszCatalunya0493083aCompetències professionals0492767aPeriodistesxSituació legal, lleis, etc1 93239aSoriano Clemente, Jaumeedir. cMON2ddc c5501d5501 00104070aCDMRbCDMRd2013-01-16l0oCi 8/12pCDMR13119720r2013-01-16w2013-01-16yMON